| 000 | 00569nam a22001697a 4500 | ||
|---|---|---|---|
| 005 | 20260108092352.0 | ||
| 008 | 260108b |||||||| |||| 00| 0 eng d | ||
| 020 | _a978-81-19403-85-1 | ||
| 100 | _aRAVICHANDRAN, K. S. | ||
| 245 | _aCSR ESG AND CHARITABLE INSTITUTIONS | ||
| 250 | _a2ND ED | ||
| 260 |
_aHARYANA, INDIA _bLEXISNEXIS _c2024 |
||
| 300 | _aXLVII,1270P. | ||
| 500 | _aINCLUDES SUBJECT INDEX | ||
| 650 | _a1. SOCIAL RESPONSIBILITY OF BUSINESS - LAW AND LEGISLATION - INDIA 2. CORPORATE -CHARITABLE CONTRIBUTIONS - LAW AND LEGISLATION | ||
| 942 |
_2lcc _cBK |
||
| 999 |
_c216425 _d216425 |
||